000 00536nam a2200169 i 4500
001 112552
003 ES-MaACL
005 20230906185545.0
007 t|
008 061121s1924 sp |||| |dspa d
100 1 _aOrtí Belmonte, Vicente.
_987528
245 1 3 _aLa casa de los caballeros de la Orden de Santiago en la ciudad de Córdoba /
_cVicente Ortí Belmonte.
260 _aCórdoba :
_b"La Comercial",
_c1924.
300 _a15 p. ;
_c24 cm.
610 2 4 _aOrden de Santiago-
_zCórdoba.
_9168315
852 _aES-MaACL
_j1675-F-7
999 _c112552
_d112552